Marvel Characters A-Z - Statistics

General Stats
  • This quiz has been taken 59 times
  • The average score is 18 of 26
Answer Stats
Picture Answer % Correct
Captain America
98%
Deadpool
98%
Ant-Man
96%
Iron Man
96%
Hawkeye
94%
Thor
94%
Spider-Man
92%
Venom
92%
Wolverine
90%
Rocket Racoon
87%
Magneto
85%
Pepper Potts
85%
Electro
81%
Galactus
81%
Kingpin
81%
Yondu
81%
X-23
73%
J. Jonah Jameson
69%
Namor
65%
Leader
48%
Banshee
38%
Fin Fang Foom
31%
One-Above-All
25%
Ursa Major
23%
Zzzax
15%
Queen
13%
No matching quizzes found
Score Distribution
Percent of People with Each Score
Percentile by Number Answered
Your Score History
You have not taken this quiz